Detalles MARC
| 000 -CABECERA |
| campo de control de longitud fija |
01670cam a2200397 a 4500 |
| 001 - NÚMERO DE CONTROL |
| campo de control |
000013211 |
| 005 - FECHA Y HORA DE LA ÚLTIMA TRANSACCIÓN |
| campo de control |
20200929163151.0 |
| 008 - DATOS DE LONGITUD FIJA--INFORMACIÓN GENERAL |
| campo de control de longitud fija |
890905s1988 ck ab b 001 0cspa d |
| 020 ## - NÚMERO INTERNACIONAL ESTÁNDAR DEL LIBRO |
| Número Internacional Estándar del Libro |
9586430421 |
| 020 ## - NÚMERO INTERNACIONAL ESTÁNDAR DEL LIBRO |
| Número Internacional Estándar del Libro |
9586430413 (pbk.) |
| 040 ## - FUENTE DE LA CATALOGACIÓN |
| Centro catalogador/agencia de origen |
DO-SdBNP |
| Centro/agencia transcriptor |
DLC |
| Centro/agencia modificador |
DLC |
| 043 ## - CÓDIGO DE ÁREA GEOGRÁFICA |
| Código de área geográfica |
s-ck--- |
| 050 00 - SIGNATURA TOPOGRÁFICA DE LA BIBLIOTECA DEL CONGRESO |
| Número de clasificación |
F2273 |
| Número de documento/Ítem |
.A15 1988 |
| 082 ## - NÚMERO DE LA CLASIFICACIÓN DECIMAL DEWEY |
| Número de clasificación |
nnn |
| Número de documento/Ítem |
A174c, 1988 |
| 082 00 - NÚMERO DE LA CLASIFICACIÓN DECIMAL DEWEY |
| Número de clasificación |
986.1/05/092 |
| Número de edición |
20 |
| 049 ## - FONDOS LOCALES (OCLC) |
| Fondos de biblioteca |
BNGR |
| 100 1# - ENTRADA PRINCIPAL--NOMBRE DE PERSONA |
| Nombre de persona |
Acevedo Latorre, Eduardo |
| Fechas asociadas al nombre |
1907-1981. |
| 9 (RLIN) |
30312 |
| 245 10 - MENCIÓN DE TÍTULO |
| Título |
Colaboradores de Santander en la organizacion de la republica / |
| Mención de responsabilidad, etc. |
Eduardo Acevedo Latorre ; prólogo David Bushnell. |
| 250 ## - MENCIÓN DE EDICIÓN |
| Mención de edición |
2a ed. rev. |
| 260 ## - PUBLICACIÓN, DISTRIBUCIÓN, ETC. |
| Lugar de publicación, distribución, etc. |
Bogotá : |
| Nombre del editor, distribuidor, etc. |
Fundación para la Conmemoración del Bicentenario del Natalicio y el Sesquicentenario de la Muerte del General Francisco de Paula Santander, |
| Fecha de publicación, distribución, etc. |
1988. |
| 300 ## - DESCRIPCIÓN FÍSICA |
| Extensión |
xv, 487 p. : |
| Otras características físicas |
il., mapas ; |
| Dimensiones |
25 cm. |
| 490 1# - MENCIÓN DE SERIE |
| Mención de serie |
Biblioteca de la Presidencia de la República |
| 490 1# - MENCIÓN DE SERIE |
| Mención de serie |
monográfica |
| 500 ## - NOTA GENERAL |
| Nota general |
Puertos. en los documentos de revestimiento. |
| 500 ## - NOTA GENERAL |
| Nota general |
"Monográfica" - chaqueta. |
| 504 ## - NOTA DE BIBLIOGRAFÍA, ETC. |
| Nota de bibliografía, etc. |
Includes bibliographical references. |
| 600 10 - PUNTO DE ACCESO ADICIONAL DE MATERIA--NOMBRE DE PERSONA |
| Nombre de persona |
Santander, Francisco de Paula, |
| Fechas asociadas al nombre |
1792-1840 |
| Subdivisión general |
Friends and associates. |
| 9 (RLIN) |
30313 |
| 651 #0 - PUNTO DE ACCESO ADICIONAL DE MATERIA--NOMBRE GEOGRÁFICO |
| Nombre geográfico |
Colombia |
| Subdivisión general |
History |
| Subdivisión cronológica |
19th century |
| Subdivisión general |
Biography. |
| 9 (RLIN) |
30314 |
| 651 #0 - PUNTO DE ACCESO ADICIONAL DE MATERIA--NOMBRE GEOGRÁFICO |
| Nombre geográfico |
Colombia |
| Subdivisión general |
Politics And Government |
| Subdivisión cronológica |
1819-1831 |
| Subdivisión general |
Sources. |
| 9 (RLIN) |
30315 |
| 651 #0 - PUNTO DE ACCESO ADICIONAL DE MATERIA--NOMBRE GEOGRÁFICO |
| Nombre geográfico |
Colombia |
| Subdivisión general |
Politics And Government |
| Subdivisión cronológica |
1832-1858 |
| Subdivisión general |
Sources. |
| 9 (RLIN) |
30316 |
| 650 #0 - PUNTO DE ACCESO ADICIONAL DE MATERIA--TÉRMINO DE MATERIA |
| Término de materia o nombre geográfico como elemento de entrada |
Politicians |
| Subdivisión geográfica |
Colombia |
| Subdivisión general |
Biography. |
| 9 (RLIN) |
30317 |
| 700 1# - PUNTO DE ACCESO ADICIONAL--NOMBRE DE PERSONA |
| Nombre de persona |
Bushnell, David |
| Término indicativo de función/relación |
pról. |
| 9 (RLIN) |
30318 |
| 740 0# - PUNTO DE ACCESO ADICIONAL--TÍTULO RELACIONADO O ANALÍTICO NO CONTROLADO |
| Título relacionado o analítico no controlado |
Monografica. |
| 830 #0 - PUNTO DE ACCESO ADICIONAL DE SERIE-TÍTULO UNIFORME |
| Título uniforme |
Biblioteca de la Presidencia de la República ; |
| Nombre de parte o sección de la obra |
monográfica |
| 9 (RLIN) |
30319 |
| 910 ## - DATOS DE OPCIÓN DEL USUARIO (OCLC) |
| Datos de opción del usuario |
Catalogación por copia / LC |